| 000 | 00564nam a2200145Ia 4500 | ||
|---|---|---|---|
| 008 | 250506s9999 xx 000 0 und d | ||
| 024 | _a16B-023-EL, 16B-007-EL, 16B-024-EL & 16B-078-EL | ||
| 082 | _a004.22092 BIL | ||
| 100 | _aBilal Muzaffer, Moazzam Ahmed, Anas Jawaid & Sohaib Shahid | ||
| 245 | 0 | _aAutomated Mixer | |
| 260 |
_aKarachi: _bUIT, _c2016 |
||
| 600 | _aElectronic Engineering | ||
| 650 | _aBachelor of Engineering (BE) | ||
| 856 |
_uhttps://drive.google.com/file/d/122_RX85MwnzAWgkcoMbMfc3nSqMLAnYm/view?usp=sharing _yClick here For Online Reading |
||
| 999 |
_c28981 _d28981 |
||